Chile. Respuesta a la acusación presentada ante el Senado por la Cámara de Diputados contra el Ministerio Vicuña

Wedi'i Gadw mewn:
Manylion Llyfryddiaeth
Prif Awdur: Frías Collao, B (Awdur)
Fformat: Llyfr
Iaith:Sbaeneg
Cyhoeddwyd: Buenos Aires Imprenta Tribuna, calle de 25 de mayo, 460 1892
Rhifyn:1a. ed
Pynciau:
Tagiau: Ychwanegu Tag
Dim Tagiau, Byddwch y cyntaf i dagio'r cofnod hwn!

MARC

LEADER 00000nam a2200000 a 4500
001 UCJ4797
003 CL-VaPUC
008 070124e18920905AG |||||||||||||||||spa|d
082 0 4 |a 983  |b FRI  |2 21 
100 0 |a Frías Collao, B  |e author  |9 509136 
245 1 0 |a Chile. Respuesta a la acusación presentada ante el Senado por la Cámara de Diputados contra el Ministerio Vicuña 
250 |a 1a. ed 
300 |a 88 p 
942 |c BK 
945 |d 20070124 00:00:00  |a rinostro 
260 |a Buenos Aires  |b Imprenta Tribuna, calle de 25 de mayo, 460  |c 1892 
500 |a Folleto empastado junto a otros en un volumen rotulado VARIOS, REV. 1891 
600 0 |a Balmaceda Fernández, José Manuel,  |d 1840-1891  |9 315369 
650 7 |a GUERRA CIVIL DE 1891  |2 CL-VaPUC  |9 408173 
650 0 |a Presidentes de Chile  |9 268293 
583 |a last modification  |c 20070124 00:00:00  |k Rodrigo Vera 
999 |c 320912  |d 320910 
952 |0 0  |1 0  |4 0  |6 983_000000000000000_FRI_1892  |7 0  |8 X  |9 399545  |a FDOBUD  |b FDOBUD  |d 2019-11-22  |i 1021885  |o 983 FRI 1892  |p 1021885  |r 2019-11-22  |w 2019-11-22  |y BK_X  |k BUD